| 000 | 00758nam a22002651 4500 | ||
|---|---|---|---|
| 001 | 23340 | ||
| 003 | BD-RjUL | ||
| 005 | 20211209000922.0 | ||
| 008 | 140310s1962 enkcb b 001 0 eng | ||
| 035 | _a(BD-RjUL)23405 | ||
| 035 | _a(OCoLC)2703076 | ||
| 040 |
_aDLC _cMo _dBD-RjUL _beng |
||
| 041 | _aeng | ||
| 082 |
_a960 _bHOO 1962 |
||
| 100 | 1 |
_aHobley, L. F. _971899 |
|
| 245 | 1 | 0 |
_aOpening Africa / _cL F Hobley, Pictures by Richard Ogle and G. Randall; maps by Clare Thornhill. |
| 250 | _a3rd ed. | ||
| 260 |
_aLondon : _bMethuen's Outlines, _cc1962. |
||
| 300 |
_a86 p. : _bill. ; _c22 cm. |
||
| 504 | _aIncludes index. | ||
| 651 | 0 |
_aAfrica _xDiscovery and exploration. _971900 |
|
| 942 |
_2ddc _cBK |
||
| 999 |
_c23340 _d23340 |
||